000 01105cam a2200313 i 4500
001 39300
003 Mx-PuUPA
005 20250815115824.0
008 140415s2020 mx gr 000 0 spa d
020 _a9786079900700
040 _aMx-PuUPA
_bspa
_cMx-PuUPA
_dMx-PuUPA
_erda
041 0 _aspa
100 1 _aBeuchot, Mauricio,
_d1950-
_914180
_eautor
245 1 0 _aCrítica o teoría del conocimiento :
_bel realismo analógico /
_cMauricio Beuchot Puente
250 _aPrimera edición
264 1 _aCiudad de México :
_bEditorial Publicar Sur,
_c2020
300 _a204 páginas ;
_c21 cm
336 _2rdacontent
_atexto
_btxt
337 _2rdamedia
_asin medio
_bn
338 _2rdacarrier
_avolumen
_bnc
600 0 4 _aTomás de Aquino
_cSanto
_d1225?-1274
_xCrítica e interpretación
650 7 _2armarc
_aConocimiento, Teoría del
_xHistoria
650 7 _2armarc
_aCrítica (Filosofía)
_xHistoria
650 7 _2armarc
_aRealismo
_xHistoria
650 7 _2armarc
_aFilosofía
_xHistoria
_ySiglo XXI
942 _2ddc
_cLI
_h121
_iB566
999 _c39300
_d39300